| LEADER 00000nam 2200000uu 4500 |
| 001 213416 |
| 003 ULIBM |
| 008 230627s||||||||th 000 0 tha d |
| 020 ^a9786163984661
|
| 041 ^atha
|
| 060 04 ^aWY106^bน927 2563
|
| 245 00 ^aแนวคิดและหลักการการพยาบาลชุมชน /^cบรรณาธิการ ศิวพร อึ้งวัฒนา และกัลยาณี ตันตรานนท์
|
| 250 ^aพิมพ์ครั้งที่ 1
|
| 260 ^aเชียงใหม่ :^bคณะพยาบาลศาสตร์ มหาวิทยาลัยเชียงใหม่,^c2563
|
| 300 ^a430 หน้า :^bภาพประกอบ ;^c27 ซม.
|
| 505 2 ^aการบริการอนามัยครอบครัว แนวคิดและกระบวนการเยี่ยมบ้าน --การบริการอนามัยโรงเรียน -- การบริการอนามัยสิ่งแวดล้อม --การพยาบาลอาชีวอนามัย
|
| 650 ^aบริการอนามัยชุมชน
|
| 650 4 ^aการพยาบาลสาธารณสุข
|
| 650 4 ^aการพยาบาลชุมชน
|
| 650 4 ^aระบบสุขภาพ
|
| 650 4 ^aระบบบริการสุขภาพ
|
| 650 4 ^aการพยาบาลอนามัยชุมชน
|
| 700 0 ^aศิวพร อึ้งวัฒนา,^eบรรณาธิการ
|
| 700 0 ^aกัลยาณี ตันตรานนท์,^eบรรณาธิการ
|
| 710 2 ^aมหาวิทยาลัยเชียงใหม่.^bคณะพยาบาลศาสตร์
|
| 999 ^aใช้งานได้ทุกระบบ
|
| ลำดับที่ |
ประเภท |
เลขเรียก |
สถานที่ |
สถานะ |
| 1. |
 การพยาบาล (ตำราหลัก) | WY106 น927 2563 ฉ.1 | การพยาบาลชุมชน | On Shelf ขอยืม |
| Note:จัดซื้อปีงบประมาณ 2564 |
| 2. |
 การพยาบาล (ตำราหลัก) | WY106 น927 2563 ฉ.2 | การพยาบาลชุมชน | On Shelf ขอยืม |
| Note:จัดซื้อปีงบประมาณ 2564 |
| 3. |
 การพยาบาล (ตำราหลัก) | WY106 น927 2563 ฉ.3 | การพยาบาลชุมชน | On Shelf ขอยืม |
| Note:จัดซื้อปีงบประมาณ 2564 |
| 4. |
 การพยาบาล (ตำราหลัก) | WY106 น927 2563 ฉ.4 | การพยาบาลชุมชน | On Shelf ขอยืม |
| Note:จัดซื้อปีงบประมาณ 2564 |
| 5. |
 การพยาบาล (ตำราหลัก) | WY106 น927 2563 ฉ.5 | การพยาบาลชุมชน | On Shelf ขอยืม |
| Note:จัดซื้อปีงบประมาณ 2564 |
| 6. |
 การพยาบาล (ตำราหลัก) | WY106 น927 2563 ฉ.6 | การพยาบาลชุมชน | On Shelf ขอยืม |
| Note:จัดซื้อปีงบประมาณ 2564 |
| 7. |
 การพยาบาล (ตำราหลัก) | WY106 น927 2563 ฉ.7 | การพยาบาลชุมชน | On Shelf ขอยืม |
| Note:จัดซื้อปีงบประมาณ 2564 |
| 8. |
 การพยาบาล (ตำราหลัก) | WY106 น927 2563 ฉ.8 | การพยาบาลชุมชน | On Shelf ขอยืม |
| Note:จัดซื้อปีงบประมาณ 2564 |
| 9. |
 การพยาบาล (ตำราหลัก) | WY106 น927 2563 ฉ.9 | การพยาบาลชุมชน | ถูกยืม กำหนดส่งวันที่ 10 มิถุนายน 2569
จอง |
| Note:จัดซื้อปีงบประมาณ 2564 |
| 10. |
 การพยาบาล (ตำราหลัก) | WY106 น927 2563 ฉ.10 | การพยาบาลชุมชน | ถูกยืม กำหนดส่งวันที่ 10 มิถุนายน 2569
จอง |
| Note:จัดซื้อปีงบประมาณ 2564 |
| [แสดง 10/10 รายการ] |